| 000 | 00624nam a2200193Ia 4500 | ||
|---|---|---|---|
| 003 | GCL | ||
| 008 | 140319s9999 xx 000 0 ara d | ||
| 040 |
_aGCL / _cGCL |
||
| 082 | 0 | 4 |
_a191 _bن ه |
| 100 | 1 | _aنيتشة، فريدريك | |
| 245 | 1 | 0 |
_aهكذا اتكلم: زرادشت : _bكتاب للكل ولا لأحد / _cنيتشة، فريدريك |
| 700 | 1 | _aفليكس فارس | |
| 260 |
_aبيروت : _bمكتبة صادر ، _c1948 |
||
| 300 |
_a344 ص: _bايض ؛ _c22 سم |
||
| 490 | _a | ||
| 650 | 0 | 4 | _aالفلسفة الاوربية |
| 650 | 0 | 4 | _aالفلسفة الالمانية |
| 942 |
_2ddc _cBK |
||
| 999 |
_c47499 _d47499 |
||